Normal view
MARC view
Entry Personal Name
001 - CONTROL NUMBER
- control field: 17738
003 - CONTROL NUMBER IDENTIFIER
- control field: dpl
005 - DATE AND TIME OF LATEST TRANSACTION
- control field: 20100831144209.0
008 - FIXED-LENGTH DATA ELEMENTS
- fixed length control field: 100831|||a|||||| | ||| d
040 ## - CATALOGING SOURCE
- Original cataloging agency: dpl
- Transcribing agency: dpl
100 ## - HEADING--PERSONAL NAME
- Personal name: माधव, नीरजा
670 ## - SOURCE DATA FOUND
- Source citation: Work cat.: (dpl)36329: माधव, नीरजा, अवर्ण महिला कांस्टेबल की डायरी /, 2010
670 ## - SOURCE DATA FOUND
- Source citation: Work cat.: (dpl)36329: माधव, नीरजा, अवर्ण महिला कांस्टेबल की डायरी /, 2010
